00360 2200145 4500001002100000005001500021035002000036245005100056100001700107300001200124260003200136082000800168084001400176990002400190INLIS00000000000224220250527020936 a0010-05250005341 aMendulang Rezeki Bermodal Hobi /cMuh. Musrofi0 aMuh. Musrofi a224 hlm bPustaka Insan Madani,c2008 a300 a300 MUH m a0713161 s/d 0713162